[Event "Paris-ch op-B"]
[Site "Paris"]
[Date "2009.07.06"]
[Round "3"]
[White "Durand, Sylvain"]
[Black "Secq, Didier"]
[Result "1-0"]
[WhiteElo "1856"]
[BlackElo "1750"]
[PlyCount "39"]
[EventDate "2009.07.04"]
[EventType "swiss"]
[EventRounds "9"]
[EventCountry "FRA"]
[SourceTitle "EXT 2010"]
[Source "ChessBase"]
[SourceDate "2010.11.25"]
[SourceVersion "1"]
[SourceVersionDate "2010.11.25"]
[SourceQuality "1"]

1. e4 g6 2. d4 Bg7 3. Be3 c5 4. c3 cxd4 5. Bxd4 e5 6. Be3 Nf6 7. Bc4 Nxe4 8. Qd5 Ng5 9. Bxg5 Qxg5 10. Qxf7+ Kd8 11. Qxg7 Re8 12. Nd2 Re7 13. Qf8+ Kc7 14. Qf3 Nc6 15. Ne4 Qh6 16. Qe3 Qxe3+ 17. fxe3 a5 18. 0-0-0 a4 19. Nf6 b6 20. Nd5+ 1-0